Normal view
MARC view
- RELATOS BIBLICOS
Entry Materia
001 - NÚMERO DE CONTROL DEL REGISTRO
- campo de control: 16435
003 - IDENTIFICADOR DE NUMERO DE CONTROL
- campo de control: UPN
005 - FECHA Y HORA DE LA ÚLTIMA TRANSACCIÓN
- campo de control: 20210219193846.0
008 - DATOS DE LONGITUD FIJA
- campo de control de longitud fija: nabaccnnaabn|||||||||| b |nc|||||d
035 ## - NÚMERO DE CONTROL DEL SISTEMA
- Número de control del sistema: UPN10000016443
040 ## - FUENTE DE LA CATALOGACIÓN
- Lengua de catalogación: SPA
- Agencia de transcripción: UPN
150 ## - ENCABEZAMIENTO - TEMÁTICO
- Término de materia o nombre geográfico como elemento inicial: RELATOS BIBLICOS
670 ## - FUENTE EN LA QUE SE LOCALIZARON DATOS
- Cita de la fuente: B4
680 ## - NOTA GENERAL CON DESPLIEGUE PÚBLICO
- Texto explicativo: Usase para obras sobre relatos bíblicos. Las colecciones de relatos bíblicos se encuentran bajo
- Encabezamiento: RELATOS BIBLICOS - [IDIOMA].
- Texto explicativo: Ej.:
- Encabezamiento: RELATOS BIBLICOS - ESPAÑOL ; RELATOS BIBLICOS - INGLES.
- Texto explicativo: Estos a su vez pueden subdividirse bajo A.T. o N.T. según sea el caso, y por los diferentes libros, si la obra se limita a alguno en particular. Ej.
- Encabezamiento: RELATOS BIBLICOS - INGLES - A.T. GENESIS
902 ## - CATALOGADOR
- Catalogador: CAA/230500
